| Tag |
First Indicator |
Second Indicator |
Subfields |
| LEADER |
00000cam a2200000Ia 4500 |
| 001 |
in00002445721 |
| 005 |
20151110093419.0 |
| 008 |
081020s2008 ja a 001 0 eng d |
| 020 |
|
|
|a 9784861005541 (pbk.)
|
| 020 |
|
|
|a 486100554X (pbk.)
|
| 035 |
|
|
|a (OCoLC)ocn262818135
|
| 040 |
|
|
|a SITPL
|c SITPL
|d BWK
|d TXA
|d UtOrBLW
|
| 049 |
|
|
|a TXAM
|
| 090 |
|
|
|a NC1002.P33
|b P34 2008
|
| 245 |
0 |
0 |
|a Package & shopping bag /
|c [editors, Hitoshi Mitomi, Shiyo Yamashita].
|
| 246 |
3 |
|
|a Package and shopping bag
|
| 264 |
|
1 |
|a Tokyo :
|b BNN Inc.,
|c 2008.
|
| 300 |
|
|
|a 165 pages :
|b color illustrations ;
|c 28 cm.
|
| 336 |
|
|
|a text
|b txt
|2 rdacontent
|
| 337 |
|
|
|a unmediated
|b n
|2 rdamedia
|
| 338 |
|
|
|a volume
|b nc
|2 rdacarrier
|
| 490 |
1 |
|
|a Shop identitiy series ;
|v v. 4
|
| 500 |
|
|
|a Includes index.
|
| 650 |
|
0 |
|a Packaging
|z Japan
|x Design.
|
| 650 |
|
0 |
|a Commercial art
|z Japan.
|
| 700 |
1 |
|
|a Mitomi, Hitoshi.
|
| 700 |
1 |
|
|a Yamashita, Shiyo.
|
| 830 |
|
0 |
|a Shop identitiy series ;
|v v. 4.
|
| 948 |
|
|
|a cataloged
|b h
|c 2009/4/15
|d c
|e dmitchel
|f 8:44:26 am
|
| 994 |
|
|
|a C0
|b TXA
|
| 999 |
|
|
|a MARS
|
| 999 |
f |
f |
|s 43d68a79-e434-3ebe-b2bb-19828cedcc29
|i 8ad5ea6c-34fe-3f48-8fbe-659dd4148083
|t 0
|
| 952 |
f |
f |
|p normal
|a Texas A&M University
|b College Station
|c Sterling C. Evans Library
|d Evans: Library Stacks
|t 0
|e NC1002.P33 P34 2008
|h Library of Congress classification
|i unmediated -- volume
|m A14839817198
|
| 998 |
f |
f |
|a NC1002.P33 P34 2008
|t 0
|l Evans: Library Stacks
|